[Event "Valencia tch - Division de Honor"]
[Site "Comunidad Valenciana"]
[Date "2009.01.10"]
[Round "1.3"]
[White "Arizmendi Martinez, Julen Luis"]
[Black "Corona Gentil, Jose Luis"]
[Result "1-0"]
[WhiteElo "2498"]
[BlackElo "2136"]
[PlyCount "67"]
[EventDate "2009.01.10"]
[EventType "team"]
[EventRounds "9"]
[EventCountry "ESP"]
[Source "lmi"]
[SourceDate "2009.01.10"]
[WhiteTeam "Alfas del Pi - Servicar"]
[BlackTeam "Burjassot"]

1. Nf3 d5 2. d4 c5 3. c4 e6 4. cxd5 exd5 5. g3 Nc6 6. Bg2 Nf6 7. O-O cxd4 8.
Nxd4 Be7 9. Nc3 O-O 10. b3 Be6 11. Bb2 Qd7 12. Nxe6 fxe6 13. Qd3 Rad8 14. Rad1
Rfe8 15. e3 Bf8 16. h3 Qf7 17. g4 d4 18. Ne4 Nxe4 19. Qxe4 dxe3 20. Qxe3 Bd6
21. Qf3 Qe7 22. Qe2 Qg5 23. Rd3 Nb4 24. Re3 Nd5 25. Rxe6 Rf8 26. Qc4 b5 27. Qe4
Nf4 28. Rd1 Bc5 29. Rxd8 Qxd8 30. Rc6 Qd1+ 31. Kh2 Bxf2 32. Rc1 Qd8 33. Qe5 Rf7
34. Rc2 1-0

[Event "Valencia tch - Division de Honor"]
[Site "Comunidad Valenciana"]
[Date "2009.01.10"]
[Round "1.4"]
[White "Marin Corresa, Arturo"]
[Black "Granero Roca, Antonio"]
[Result "0-1"]
[WhiteElo "2180"]
[BlackElo "2386"]
[PlyCount "116"]
[EventDate "2009.01.10"]
[EventType "team"]
[EventRounds "9"]
[EventCountry "ESP"]
[Source "lmi"]
[SourceDate "2009.01.10"]
[WhiteTeam "Burjassot"]
[BlackTeam "Alfas del Pi - Servicar"]

1. d4 Nf6 2. c4 c5 3. e3 g6 4. Nc3 Bg7 5. g3 O-O 6. Bg2 Nc6 7. Nge2 d6 8. O-O
cxd4 9. exd4 Bf5 10. h3 Rc8 11. g4 Bd7 12. Bg5 a6 13. Qd2 Re8 14. Rac1 Qa5 15.
a3 h5 16. gxh5 Nxh5 17. b4 Qd8 18. Nd5 f6 19. Be3 e5 20. dxe5 Rxe5 21. Nb6 Rb8
22. c5 Bf5 23. Nc4 dxc5 24. Qxd8+ Rxd8 25. Bxc6 bxc6 26. Nxe5 fxe5 27. Bxc5 Bd3
28. Rfd1 e4 29. Be3 Rd6 30. Rd2 Be5 31. Rc5 Re6 32. Nd4 Bxd4 33. Bxd4 Nf4 34.
Kh2 Kf7 35. Re5 Rd6 36. Bc5 Rd5 37. Re7+ Kf6 38. Rc7 Rh5 39. Bd6 Rxh3+ 40. Kg1
Ne6 41. Rxc6 Nd4 42. Kg2 Rh8 43. Rb6 Kf5 44. Bg3 g5 45. Rd6 Nf3 46. R2xd3 Ne1+
47. Kf1 Nxd3 48. Rxa6 Rh1+ 49. Ke2 Ra1 50. Ke3 Re1+ 51. Kd4 Nf4 52. Kc3 e3 53.
Bxf4 exf2 54. Bd2 Re6 55. Ra5+ Ke4 56. Rxg5 f1=Q 57. Rg4+ Kd5 58. Rd4+ Kc6 0-1

[Event "Valencia tch - Division de Honor"]
[Site "Comunidad Valenciana"]
[Date "2009.01.10"]
[Round "1.5"]
[White "Cano Sanchez, Josue"]
[Black "Pitarch Roca, Miguel Angel"]
[Result "1-0"]
[WhiteElo "2273"]
[BlackElo "1897"]
[PlyCount "61"]
[EventDate "2009.01.10"]
[EventType "team"]
[EventRounds "9"]
[EventCountry "ESP"]
[Source "lmi"]
[SourceDate "2009.01.10"]
[WhiteTeam "Alfas del Pi - Servicar"]
[BlackTeam "Burjassot"]

1. d4 Nf6 2. Nf3 g6 3. c4 Bg7 4. Nc3 d5 5. cxd5 Nxd5 6. e4 Nxc3 7. bxc3 c5 8.
Be2 Nc6 9. Be3 cxd4 10. cxd4 Qa5+ 11. Bd2 Qd8 12. d5 Ne5 13. Nxe5 Bxe5 14. Rb1
O-O 15. O-O b6 16. Bh6 Qd6 17. Bxf8 Bxh2+ 18. Kh1 Kxf8 19. g3 Bxg3 20. fxg3
Qxg3 21. Qe1 Qh3+ 22. Kg1 Qh6 23. Qg3 Qg7 24. Rb3 Bd7 25. Qc3 Rc8 26. Qxg7+
Kxg7 27. Rbf3 f6 28. Bd3 h5 29. d6 Bg4 30. Rf4 exd6 31. Rxf6 1-0

[Event "Valencia tch - Division de Honor"]
[Site "Comunidad Valenciana"]
[Date "2009.01.10"]
[Round "1.6"]
[White "Garcia Maicas, Vicente Jose"]
[Black "Sanchez Barbado, Carlos"]
[Result "0-1"]
[WhiteElo "2111"]
[BlackElo "2148"]
[PlyCount "82"]
[EventDate "2009.01.10"]
[EventType "team"]
[EventRounds "9"]
[EventCountry "ESP"]
[Source "lmi"]
[SourceDate "2009.01.10"]
[WhiteTeam "Burjassot"]
[BlackTeam "Alfas del Pi - Servicar"]

1. d4 f5 2. e3 Nf6 3. Bd3 d6 4. f4 Nc6 5. Nf3 g6 6. c3 Bg7 7. O-O O-O 8. Nbd2
e6 9. e4 fxe4 10. Nxe4 Nxe4 11. Bxe4 Qf6 12. d5 exd5 13. Bxd5+ Kh8 14. Qb3 Ne7
15. Bc4 c6 16. Be3 Nf5 17. Bd4 Nxd4 18. Nxd4 d5 19. Be2 a6 20. g3 Qe7 21. Qd1
c5 22. Nc2 d4 23. cxd4 cxd4 24. Bd3 Qd6 25. Qd2 Bd7 26. Rae1 Rae8 27. Rxe8 Rxe8
28. Qb4 Qd5 29. Qc4 Qxc4 30. Bxc4 Bf5 31. Nb4 Bf8 32. Nd3 b5 33. Bf7 Re3 34.
Ne5 d3 35. Bb3 Bc5 36. Kg2 Re2+ 37. Kf3 Be4+ 38. Kg4 h5+ 39. Kg5 Kg7 40. Nxg6
Bxg6 41. f5 Be3+ 0-1

[Event "Valencia tch - Division de Honor"]
[Site "Comunidad Valenciana"]
[Date "2009.01.10"]
[Round "1.1"]
[White "Ibañez Aullana, Jose Ramon"]
[Black "Alvarez Ibarra, Rafael"]
[Result "1/2-1/2"]
[WhiteElo "2308"]
[BlackElo "2377"]
[PlyCount "66"]
[EventDate "2009.01.10"]
[EventType "team"]
[EventRounds "9"]
[EventCountry "ESP"]
[Source "lmi"]
[SourceDate "2009.01.10"]
[WhiteTeam "Alzicap"]
[BlackTeam "C.M. Castellon"]

1. e4 c5 2. c3 d6 3. d4 Nf6 4. dxc5 Nc6 5. f3 d5 6. Bb5 e6 7. Be3 dxe4 8. Qxd8+
Kxd8 9. Nd2 Nd5 10. Bg5+ f6 11. fxe4 Nxc3 12. bxc3 fxg5 13. O-O-O Kc7 14. Nb3
Be7 15. Nf3 Bd7 16. Bc4 Rad8 17. Nfd4 Nxd4 18. cxd4 b6 19. Kb2 Rhf8 20. cxb6+
axb6 21. Rd2 Rf4 22. Rc1 Kb7 23. e5 Ra8 24. Kb1 Rc8 25. Rcc2 h6 26. g3 Rff8 27.
d5 exd5 28. Bxd5+ Kb8 29. e6 Rxc2 30. Kxc2 Ba4 31. Kd3 Rc8 32. Nd4 Bf6 33. Bb3
Be8 1/2-1/2

[Event "Valencia tch - Division de Honor"]
[Site "Comunidad Valenciana"]
[Date "2009.01.10"]
[Round "1.2"]
[White "Roca Galarza, Jose"]
[Black "Mullor Gomez, Luis"]
[Result "1/2-1/2"]
[WhiteElo "2320"]
[BlackElo "2353"]
[PlyCount "84"]
[EventDate "2009.01.10"]
[EventType "team"]
[EventRounds "9"]
[EventCountry "ESP"]
[Source "lmi"]
[SourceDate "2009.01.10"]
[WhiteTeam "C.M. Castellon"]
[BlackTeam "Alzicap"]

1. Nf3 g6 2. c4 Bg7 3. d4 c5 4. e4 cxd4 5. Nxd4 Nc6 6. Be3 Nf6 7. Nc3 O-O 8.
Be2 b6 9. O-O Bb7 10. f3 d6 11. Nxc6 Bxc6 12. Qb3 e6 13. Rfd1 Qe7 14. Qb4 Rfd8
15. Bg5 h6 16. Bh4 g5 17. Bg3 Ne8 18. Rd2 Rd7 19. Rad1 Rad8 20. Bf1 Kf8 21. Qb3
Be5 22. Ne2 Bxg3 23. hxg3 Ng7 24. g4 Bb7 25. Qa4 Ba8 26. Qb3 d5 27. cxd5 exd5
28. Qb5 Qc5+ 29. Qxc5+ bxc5 30. Nc3 d4 31. Na4 Rc7 32. Rc1 Ne6 33. b3 Ke7 34.
Bc4 Kd6 35. Kf2 Bc6 36. Nb2 Nf4 37. g3 Ng6 38. Be2 Bb7 39. Rdc2 Ne5 40. Rd1 Ke7
41. Bb5 Rd6 42. Rdc1 Rf6 1/2-1/2

[Event "Valencia tch - Division de Honor"]
[Site "Comunidad Valenciana"]
[Date "2009.01.10"]
[Round "1.3"]
[White "Toledano Llinares, Juan Antonio"]
[Black "Varley, Peter"]
[Result "1/2-1/2"]
[WhiteElo "2334"]
[BlackElo "2259"]
[PlyCount "112"]
[EventDate "2009.01.10"]
[EventType "team"]
[EventRounds "9"]
[EventCountry "ESP"]
[Source "lmi"]
[SourceDate "2009.01.10"]
[WhiteTeam "Alzicap"]
[BlackTeam "C.M. Castellon"]

1. e4 c6 2. d4 d5 3. Nc3 dxe4 4. Nxe4 Bf5 5. Ng3 Bg6 6. Nf3 Nd7 7. h4 h6 8. Bd3
Bxd3 9. Qxd3 e6 10. Bd2 Qc7 11. Qe2 Ngf6 12. O-O-O O-O-O 13. Ne5 Nb6 14. Ba5
Rd5 15. Bxb6 axb6 16. Ne4 Nxe4 17. Qxe4 Bd6 18. Nc4 b5 19. Nd2 Bf4 20. g3 Bxd2+
21. Rxd2 Qa5 22. Rd3 b4 23. a3 Rhd8 24. Rhd1 g6 25. Kb1 Qb6 26. axb4 Qxb4 27.
Qf4 Rf5 28. Qd2 Qxd2 29. R1xd2 b5 30. Kc1 Kb7 31. b4 Ra8 32. Kb2 h5 33. c3 Kb6
34. Re3 Rd5 35. Re5 Rd7 36. Kc2 Ra1 37. Kd3 Rda7 38. Rc2 R7a2 39. Ree2 Ra7 40.
Ke4 Kc7 41. Ke5 Kd7 42. Kf6 Kd6 43. Re3 Kd5 44. Rce2 Kc4 45. Rf3 Rc1 46. Re5
Rc7 47. Rc5+ Kb3 48. Kg7 Rc2 49. Kf8 f5 50. Re3 Ra2 51. Rxe6 Ra8+ 52. Re8 Raa7
53. d5 Rf7+ 54. Kg8 Rg7+ 55. Kh8 Rh7+ 56. Kg8 Rhg7+ 1/2-1/2

[Event "Valencia tch - Division de Honor"]
[Site "Comunidad Valenciana"]
[Date "2009.01.10"]
[Round "1.4"]
[White "Jordan Martinez, David"]
[Black "Mezcua Coronil, Felix"]
[Result "1-0"]
[WhiteElo "2130"]
[BlackElo "2252"]
[PlyCount "51"]
[EventDate "2009.01.10"]
[EventType "team"]
[EventRounds "9"]
[EventCountry "ESP"]
[Source "lmi"]
[SourceDate "2009.01.10"]
[WhiteTeam "C.M. Castellon"]
[BlackTeam "Alzicap"]

1. e4 c5 2. Nf3 Nc6 3. d4 cxd4 4. Nxd4 e5 5. Nb5 d6 6. N1c3 a6 7. Na3 b5 8. Nd5
Nce7 9. c4 Nxd5 10. exd5 bxc4 11. Nxc4 Nf6 12. a4 Bb7 13. Bg5 Be7 14. Bxf6 gxf6
15. a5 Rb8 16. Nb6 Bc8 17. Qa4+ Bd7 18. Qb4 Rg8 19. Bxa6 Rxg2 20. Bb5 Rb7 21.
Nxd7 Rxb5 22. Qxb5 Qxd7 23. Qxd7+ Kxd7 24. Ke2 Rg8 25. Rhg1 Rb8 26. Ra2 1-0

[Event "Valencia tch - Division de Honor"]
[Site "Comunidad Valenciana"]
[Date "2009.01.10"]
[Round "1.5"]
[White "Sanchez Saez, Francisco"]
[Black "Orti Camany, Vicente Jose"]
[Result "1-0"]
[WhiteElo "2183"]
[BlackElo "2159"]
[PlyCount "81"]
[EventDate "2009.01.10"]
[EventType "team"]
[EventRounds "9"]
[EventCountry "ESP"]
[Source "lmi"]
[SourceDate "2009.01.10"]
[WhiteTeam "Alzicap"]
[BlackTeam "C.M. Castellon"]

1. e4 e5 2. Nc3 Nf6 3. f4 d5 4. fxe5 Nxe4 5. Nf3 Bg4 6. Qe2 Ng5 7. d4 Nxf3+ 8.
gxf3 Qh4+ 9. Qf2 Qxf2+ 10. Kxf2 Be6 11. Rg1 Nc6 12. Be3 O-O-O 13. Bg5 Rd7 14.
Bb5 h6 15. Be3 Bf5 16. Na4 a6 17. Bxc6 bxc6 18. c3 g5 19. b4 Bc2 20. Nc5 Bxc5
21. bxc5 Bd3 22. a4 f5 23. exf6 Rf7 24. h4 gxh4 25. Bf4 Re8 26. Be5 Rxf6 27.
Rad1 Bc4 28. Rg7 Rfe6 29. Rxc7+ Kd8 30. Ra7 R8e7 31. Ra8+ Kd7 32. Rg1 Rxe5 33.
dxe5 Rxe5 34. Rg6 Re2+ 35. Kg1 Re1+ 36. Kh2 Re2+ 37. Kh3 d4 38. cxd4 Be6+ 39.
Kxh4 Bf7 40. Ra7+ Ke8 41. Rxc6 1-0

[Event "Valencia tch - Division de Honor"]
[Site "Comunidad Valenciana"]
[Date "2009.01.10"]
[Round "1.6"]
[White "Jordan Martinez, Miguel"]
[Black "Reig Albero, Ferran"]
[Result "1-0"]
[WhiteElo "2051"]
[BlackElo "2162"]
[PlyCount "81"]
[EventDate "2009.01.10"]
[EventType "team"]
[EventRounds "9"]
[EventCountry "ESP"]
[Source "lmi"]
[SourceDate "2009.01.10"]
[WhiteTeam "C.M. Castellon"]
[BlackTeam "Alzicap"]

1. e4 c5 2. Nf3 d6 3. c4 g6 4. d4 cxd4 5. Nxd4 Bg7 6. Nc3 Nf6 7. Be2 Nc6 8. Be3
O-O 9. Qd2 Bd7 10. O-O Nxd4 11. Bxd4 Bc6 12. f3 a6 13. Rfd1 Nd7 14. Be3 Qb8 15.
Rac1 b5 16. Nd5 Bxd5 17. cxd5 Qb7 18. Rc6 Rac8 19. Rdc1 Nb8 20. R6c2 Nd7 21. b4
h5 22. f4 Bh6 23. g3 Bg7 24. Qd3 Nb6 25. Rxc8 Rxc8 26. Rxc8+ Nxc8 27. Qc2 Bf6
28. a4 Na7 29. axb5 Nxb5 30. Qc6 Qb8 31. Qb6 Qxb6 32. Bxb6 Bc3 33. Ba5 e6 34.
e5 dxe5 35. Bxb5 axb5 36. d6 exf4 37. d7 Bf6 38. gxf4 Be7 39. d8=Q+ Bxd8 40.
Bxd8 Kf8 41. Kf2 1-0

[Event "Valencia tch - Division de Honor"]
[Site "Comunidad Valenciana"]
[Date "2009.01.10"]
[Round "1.7"]
[White "Clari Mascarell, Jose Javier"]
[Black "Roig Aguilar, Alejandro"]
[Result "1-0"]
[WhiteElo "2167"]
[BlackElo "2096"]
[PlyCount "69"]
[EventDate "2009.01.10"]
[EventType "team"]
[EventRounds "9"]
[EventCountry "ESP"]
[Source "lmi"]
[SourceDate "2009.01.10"]
[WhiteTeam "Alzicap"]
[BlackTeam "C.M. Castellon"]

1. d4 d5 2. Nf3 Nf6 3. Bg5 c5 4. Bxf6 gxf6 5. e3 Qb6 6. b3 Nc6 7. c4 cxd4 8.
Nxd4 Nxd4 9. Qxd4 Qxd4 10. exd4 dxc4 11. Bxc4 Bd7 12. Nd2 Bh6 13. Bd5 O-O-O 14.
Bxf7 Bc6 15. d5 Bxd5 16. Bxd5 Rxd5 17. Nf3 Rhd8 18. Ke2 Rc5 19. Rhb1 Rc2+ 20.
Kf1 e5 21. Ne1 Rcd2 22. Rc1+ Kb8 23. Nf3 R2d5 24. Re1 Kc7 25. Re4 R8d6 26. Rae1
Rd7 27. Rh4 Bf8 28. Rc1+ Kb6 29. Rhc4 f5 30. g3 a5 31. R1c2 Be7 32. Kg2 Bf6 33.
Ng1 Rd2 34. Nf3 e4 35. Nxd2 1-0

[Event "Valencia tch - Division de Honor"]
[Site "Comunidad Valenciana"]
[Date "2009.01.10"]
[Round "1.8"]
[White "Saborit Ripolles, Manuel"]
[Black "Garcia Boix, Raul"]
[Result "1/2-1/2"]
[WhiteElo "1988"]
[BlackElo "2052"]
[PlyCount "67"]
[EventDate "2009.01.10"]
[EventType "team"]
[EventRounds "9"]
[EventCountry "ESP"]
[Source "lmi"]
[SourceDate "2009.01.10"]
[WhiteTeam "C.M. Castellon"]
[BlackTeam "Alzicap"]

1. e4 e5 2. Nf3 Nf6 3. Nc3 Bb4 4. Bc4 Nc6 5. O-O O-O 6. d3 Bxc3 7. bxc3 d5 8.
exd5 Nxd5 9. Qd2 h6 10. d4 e4 11. Ne5 Nxe5 12. dxe5 c6 13. Qd4 Bf5 14. Rb1 Nb6
15. Bb3 Qe7 16. f4 c5 17. Ba3 cxd4 18. Bxe7 Rfe8 19. Bb4 d3 20. cxd3 exd3 21.
Bc5 Nd7 22. Bd4 b6 23. Ba4 Red8 24. Bxd7 Rxd7 25. Rb2 Rc8 26. Kf2 Be6 27. Ke3
Bc4 28. Rg1 Rd5 29. g4 Ra5 30. h4 Rd8 31. Rgg2 Rdd5 32. Rb4 b5 33. Rbb2 Rd7 34.
f5 1/2-1/2

[Event "Valencia tch - Division de Honor"]
[Site "Comunidad Valenciana"]
[Date "2009.01.10"]
[Round "1.1"]
[White "Fenollar Jorda, Manuel"]
[Black "Mancebo Ibañez, Fernando"]
[Result "1/2-1/2"]
[WhiteElo "2341"]
[BlackElo "2196"]
[PlyCount "39"]
[EventDate "2009.01.10"]
[EventType "team"]
[EventRounds "9"]
[EventCountry "ESP"]
[Source "lmi"]
[SourceDate "2009.01.10"]
[WhiteTeam "Oliva"]
[BlackTeam "Gambito"]

1. d4 d5 2. Nf3 c6 3. e3 Nf6 4. c4 a6 5. a4 e6 6. Nc3 Bb4 7. Bd3 O-O 8. O-O
Nbd7 9. Bd2 c5 10. Qe2 Qe7 11. dxc5 dxc4 12. Bxc4 Nxc5 13. Ne5 Rd8 14. Rfd1 Bd7
15. Nd3 Nxd3 16. Bxd3 Bc6 17. e4 h6 18. e5 Nd7 19. Qh5 b5 20. Bc2 1/2-1/2

[Event "Valencia tch - Division de Honor"]
[Site "Comunidad Valenciana"]
[Date "2009.01.10"]
[Round "1.2"]
[White "Navarro Lerma, Ramon"]
[Black "Mengual Bolo, Carlos"]
[Result "1/2-1/2"]
[WhiteElo "2207"]
[BlackElo "2109"]
[PlyCount "56"]
[EventDate "2009.01.10"]
[EventType "team"]
[EventRounds "9"]
[EventCountry "ESP"]
[Source "lmi"]
[SourceDate "2009.01.10"]
[WhiteTeam "Gambito"]
[BlackTeam "Oliva"]

1. d4 d5 2. Nf3 Nf6 3. c4 c6 4. cxd5 cxd5 5. Nc3 Nc6 6. Bf4 a6 7. Rc1 Bf5 8. e3
e6 9. Bd3 Bxd3 10. Qxd3 Bd6 11. Bxd6 Qxd6 12. O-O O-O 13. Na4 Rac8 14. Nc5 Rc7
15. a3 Rd8 16. Rc3 e5 17. Nxe5 Nxe5 18. dxe5 Qxe5 19. Rfc1 Ng4 20. f4 Qd6 21.
Qd4 Re7 22. h3 Nf6 23. Rd1 h5 24. b4 Rde8 25. Rcd3 Qc6 26. Rc3 Qd6 27. Rcd3 Qc6
28. Rc3 Qd6 1/2-1/2

[Event "Valencia tch - Division de Honor"]
[Site "Comunidad Valenciana"]
[Date "2009.01.10"]
[Round "1.4"]
[White "Garzon Roger, Jose Antonio"]
[Black "Engo Pardo, Javier"]
[Result "1-0"]
[WhiteElo "2120"]
[BlackElo "2131"]
[PlyCount "43"]
[EventDate "2009.01.10"]
[EventType "team"]
[EventRounds "9"]
[EventCountry "ESP"]
[Source "lmi"]
[SourceDate "2009.01.10"]
[WhiteTeam "Gambito"]
[BlackTeam "Oliva"]

1. e4 d6 2. d4 Nf6 3. Nc3 g6 4. h3 Bg7 5. Be3 O-O 6. Qd2 Re8 7. Nf3 b6 8. O-O-O
Ba6 9. Bxa6 Nxa6 10. e5 Nd7 11. Bh6 Bh8 12. e6 fxe6 13. Qe2 Nf8 14. Qxa6 c5 15.
Rhe1 Qd7 16. Bxf8 Rxf8 17. Qe2 cxd4 18. Nxd4 Be5 19. g3 Rac8 20. f4 Bxd4 21.
Rxd4 e5 22. fxe5 1-0

[Event "Valencia tch - Division de Honor"]
[Site "Comunidad Valenciana"]
[Date "2009.01.10"]
[Round "1.5"]
[White "Reig Muñoz, Jose Enrique"]
[Black "Anguix Garrido, Juan F"]
[Result "0-1"]
[WhiteElo "2063"]
[BlackElo "2403"]
[PlyCount "70"]
[EventDate "2009.01.10"]
[EventType "team"]
[EventRounds "9"]
[EventCountry "ESP"]
[Source "lmi"]
[SourceDate "2009.01.10"]
[WhiteTeam "Oliva"]
[BlackTeam "Gambito"]

1. e4 a6 2. d4 b5 3. Bd3 Bb7 4. Nf3 e6 5. O-O c5 6. c3 Nf6 7. Re1 Be7 8. Nbd2
cxd4 9. Nxd4 O-O 10. Nf1 Nc6 11. Bf4 g6 12. Bh6 Re8 13. e5 Nd5 14. Qg4 Bf8 15.
Bxf8 Rxf8 16. Qg3 Nxd4 17. cxd4 f5 18. f4 Qb6 19. Qf2 h6 20. h4 Kf7 21. Rad1
Rg8 22. Ne3 Raf8 23. Nxd5 Bxd5 24. b3 Ke7 25. Rc1 g5 26. fxg5 hxg5 27. Rc5 Qb7
28. h5 Rh8 29. Qd2 Rxh5 30. Qb4 Kf7 31. Rec1 Bxg2 32. d5 Bxd5 33. Rc7 Qb6+ 34.
Qc5 Qxc5+ 35. R1xc5 Ke7 0-1

[Event "Valencia tch - Division de Honor"]
[Site "Comunidad Valenciana"]
[Date "2009.01.10"]
[Round "1.7"]
[White "Blasco Frasquet, Raul"]
[Black "Gomez Laosa, Emilio"]
[Result "1-0"]
[WhiteElo "2047"]
[BlackElo "2117"]
[PlyCount "64"]
[EventDate "2009.01.10"]
[EventType "team"]
[EventRounds "9"]
[EventCountry "ESP"]
[Source "lmi"]
[SourceDate "2009.01.10"]
[WhiteTeam "Oliva"]
[BlackTeam "Gambito"]

1. c4 c5 2. g3 g6 3. Bg2 Bg7 4. Nc3 Nc6 5. Nf3 e5 6. O-O Nge7 7. b3 O-O 8. Bb2
d6 9. e3 Bg4 10. h3 Bxf3 11. Bxf3 f5 12. Bg2 Qd7 13. d3 f4 14. Nd5 fxg3 15.
Nxe7+ Nxe7 16. fxg3 Rxf1+ 17. Qxf1 Rf8 18. Qe2 Bh6 19. d4 Qf5 20. dxe5 dxe5 21.
Rf1 Qg5 22. Rxf8+ Bxf8 23. Qf3 Bh6 24. Kf2 b6 25. h4 Qf5 26. Qxf5 Nxf5 27. Bxe5
Bxe3+ 28. Kf3 Bd2 29. Bh3 Nd4+ 30. Ke4 Kf7 31. Kd5 Be1 32. Bb8 Ke7 1-0

[Event "Valencia tch - Division de Honor"]
[Site "Comunidad Valenciana"]
[Date "2009.01.10"]
[Round "1.8"]
[White "Morenilla Rocher, Carlos"]
[Black "Fullana Fuster, Pablo"]
[Result "1/2-1/2"]
[WhiteElo "2000"]
[BlackElo "1963"]
[PlyCount "62"]
[EventDate "2009.01.10"]
[EventType "team"]
[EventRounds "9"]
[EventCountry "ESP"]
[Source "lmi"]
[SourceDate "2009.01.10"]
[WhiteTeam "Gambito"]
[BlackTeam "Oliva"]

1. e4 e5 2. Nf3 Nc6 3. d4 exd4 4. Nxd4 Bc5 5. Be3 Qf6 6. c3 Nge7 7. Be2 d6 8.
O-O O-O 9. Nxc6 Nxc6 10. Bxc5 dxc5 11. Na3 a6 12. Nc4 Re8 13. Qc2 Qg6 14. f3
Bh3 15. Rf2 Rad8 16. Rd1 Rxd1+ 17. Bxd1 f5 18. Nd2 Kh8 19. Nf1 fxe4 20. fxe4 h6
21. Ng3 Bg4 22. Bxg4 Qxg4 23. Qe2 Qxe2 24. Rxe2 Kg8 25. h3 g6 26. Kf2 Kf7 27.
Ke3 Ne5 28. b3 c6 29. Rd2 c4 30. Ne2 Ke7 31. Nd4 cxb3 1/2-1/2

[Event "Valencia tch - Division de Honor"]
[Site "Comunidad Valenciana"]
[Date "2009.01.10"]
[Round "1.2"]
[White "Salvador Lopez, Daniel"]
[Black "Garcia Roman, Daniel"]
[Result "0-1"]
[WhiteElo "2162"]
[BlackElo "2446"]
[PlyCount "52"]
[EventDate "2009.01.10"]
[EventType "team"]
[EventRounds "9"]
[EventCountry "ESP"]
[Source "lmi"]
[SourceDate "2009.01.10"]
[WhiteTeam "Eva Manises"]
[BlackTeam "Mislata"]

1. d4 e6 2. Nf3 Nf6 3. Bg5 c5 4. c3 cxd4 5. Bxf6 Qxf6 6. cxd4 d5 7. e3 Nc6 8.
Bb5 Bb4+ 9. Nbd2 O-O 10. O-O Bd7 11. Ne5 Nxe5 12. dxe5 Qe7 13. Bxd7 Qxd7 14.
Nf3 Rfc8 15. Qb3 Rc4 16. Rac1 Rac8 17. Rxc4 Rxc4 18. Rd1 Qc7 19. h3 a6 20. a3
Ba5 21. Rd4 b5 22. Rg4 Rc1+ 23. Kh2 Qc2 24. Qxc2 Rxc2 25. b4 Bc7 26. Kg1 Rc1+
0-1

[Event "Valencia tch - Division de Honor"]
[Site "Comunidad Valenciana"]
[Date "2009.01.10"]
[Round "1.3"]
[White "Vassallo Barroche, Mauricio"]
[Black "Andres Julia, Vicente Ramon"]
[Result "1-0"]
[WhiteElo "2423"]
[BlackElo "2102"]
[PlyCount "63"]
[EventDate "2009.01.10"]
[EventType "team"]
[EventRounds "9"]
[EventCountry "ESP"]
[Source "lmi"]
[SourceDate "2009.01.10"]
[WhiteTeam "Mislata"]
[BlackTeam "Eva Manises"]

1. d4 Nf6 2. Nf3 g6 3. g3 Bg7 4. Bg2 O-O 5. O-O d6 6. c4 Nc6 7. Nc3 a6 8. h3
Rb8 9. Be3 Nd7 10. Rc1 Na5 11. Nd2 c5 12. dxc5 dxc5 13. b3 Nc6 14. Na4 Nd4 15.
Ne4 b6 16. b4 a5 17. Bf4 e5 18. Bg5 f6 19. Bd2 Qc7 20. bxc5 Nxc5 21. Naxc5 bxc5
22. Nc3 Nc6 23. Kh2 Ne7 24. Nd5 Nxd5 25. cxd5 Qd6 26. Be3 Rd8 27. Bxc5 Qd7 28.
Qd2 Qb5 29. Be7 Rd7 30. d6 Bb7 31. Rb1 Qa4 32. Rxb7 1-0

[Event "Valencia tch - Division de Honor"]
[Site "Comunidad Valenciana"]
[Date "2009.01.10"]
[Round "1.4"]
[White "Angullo Gil, Jose"]
[Black "Garcia Ramos, Javier"]
[Result "0-1"]
[WhiteElo "2151"]
[BlackElo "2262"]
[PlyCount "96"]
[EventDate "2009.01.10"]
[EventType "team"]
[EventRounds "9"]
[EventCountry "ESP"]
[Source "lmi"]
[SourceDate "2009.01.10"]
[WhiteTeam "Eva Manises"]
[BlackTeam "Mislata"]

1. Nf3 Nc6 2. d4 d5 3. Bf4 Nf6 4. e3 Nh5 5. Bg3 g6 6. c4 Nxg3 7. hxg3 Bg7 8.
Nc3 dxc4 9. Bxc4 O-O 10. Ng5 h6 11. Qc2 Bf5 12. Nxf7 Rxf7 13. Bxf7+ Kxf7 14.
Qb3+ Kf8 15. Qxb7 Bd7 16. Qa6 Rb8 17. O-O-O Rb6 18. Qe2 Bf5 19. g4 Bd7 20. Qf3+
Kg8 21. Qd5+ e6 22. Qe4 Ne7 23. f3 Qe8 24. Rd2 Rb4 25. f4 c5 26. Re1 Qc8 27.
Red1 Bc6 28. Qc2 Nd5 29. dxc5 Kh7 30. f5 gxf5 31. gxf5 Nxe3 32. Qd3 Nxd1 33.
f6+ Kg8 34. Qg6 Rb7 35. Rxd1 Be8 36. Qg4 Kh7 37. fxg7 Rxg7 38. Qe4+ Bg6 39. Qe3
Bf5 40. Rh1 Rg6 41. Qf2 Qc6 42. Rg1 Rg4 43. b3 Qc7 44. Re1 a5 45. Re2 Qg7 46.
Kb2 a4 47. c6 a3+ 48. Kxa3 Qxc3 0-1

[Event "Valencia tch - Division de Honor"]
[Site "Comunidad Valenciana"]
[Date "2009.01.10"]
[Round "1.5"]
[White "Sanchez Romero, Miguel Angel"]
[Black "Martinez Ramon, Senen"]
[Result "1/2-1/2"]
[WhiteElo "2235"]
[BlackElo "2103"]
[PlyCount "89"]
[EventDate "2009.01.10"]
[EventType "team"]
[EventRounds "9"]
[EventCountry "ESP"]
[Source "lmi"]
[SourceDate "2009.01.10"]
[WhiteTeam "Mislata"]
[BlackTeam "Eva Manises"]

1. e4 e6 2. d4 d5 3. Nc3 Bb4 4. e5 c5 5. a3 Bxc3+ 6. bxc3 Qc7 7. Nf3 b6 8. Bb5+
Bd7 9. Bd3 c4 10. Be2 Ba4 11. O-O Nc6 12. Ng5 O-O-O 13. f4 h6 14. Nf3 Nge7 15.
Rf2 Rdg8 16. Bf1 g6 17. g3 Nf5 18. Rg2 Nce7 19. Bd2 Qd8 20. Qc1 Nc6 21. Be1 h5
22. h3 Ng7 23. Bf2 Ne8 24. Ng5 Qe7 25. Qb2 Nc7 26. Be2 Rd8 27. Be3 Kb7 28. Rf1
Rdf8 29. Bf3 Nb5 30. Bc1 Nc7 31. Re2 Qd7 32. Bg2 Ne8 33. Be3 Qe7 34. Nf3 Nc7
35. Nd2 Nb5 36. Nb1 Nc7 37. Qc1 Ne8 38. Qe1 Ng7 39. Bf3 Rh7 40. Rh2 Rhh8 41.
Bd1 Nf5 42. Bf2 g5 43. fxg5 Qxg5 44. Qd2 Qg6 45. Rg2 1/2-1/2

[Event "Valencia tch - Division de Honor"]
[Site "Comunidad Valenciana"]
[Date "2009.01.10"]
[Round "1.6"]
[White "Schalk, Martin"]
[Black "Pena Riasco, Alexander"]
[Result "0-1"]
[WhiteElo "2109"]
[BlackElo "2228"]
[PlyCount "63"]
[EventDate "2009.01.10"]
[EventType "team"]
[EventRounds "9"]
[EventCountry "ESP"]
[Source "lmi"]
[SourceDate "2009.01.10"]
[WhiteTeam "Eva Manises"]
[BlackTeam "Mislata"]

1. e4 c5 2. Nf3 d6 3. d4 cxd4 4. Nxd4 Nf6 5. Nc3 a6 6. Bg5 e6 7. f4 Qc7 8. Qf3
Nc6 9. O-O-O Nxd4 10. Rxd4 Bd7 11. Rd2 Bc6 12. Bxf6 gxf6 13. Kb1 f5 14. Qe3
fxe4 15. Nxe4 O-O-O 16. Bd3 Kb8 17. Re1 d5 18. Nf6 Bb4 19. Nxh7 Bxd2 20. Qxd2
Bb5 21. Ng5 Bxd3 22. cxd3 Rxh2 23. Nf3 Rhh8 24. Ne5 Rc8 25. a3 f6 26. Ng4 Qf7
27. Ne3 Rhg8 28. Qb4 Qf8 29. Qb6 Qc5 30. Qb3 Rc6 31. Nc2 Rxg2 32. Nb4 0-1